<?xml version="1.0" encoding="UTF-8"?>
<record
    xmlns:xsi="http://www.w3.org/2001/XMLSchema-instance"
    xsi:schemaLocation="http://www.loc.gov/MARC21/slim http://www.loc.gov/standards/marcxml/schema/MARC21slim.xsd"
    xmlns="http://www.loc.gov/MARC21/slim">

  <leader>00264nam a2200097Ia 4500</leader>
  <controlfield tag="001">1252417</controlfield>
  <controlfield tag="005">20251031150934.0</controlfield>
  <controlfield tag="008">251031s9999    xx            000 0 und d</controlfield>
  <datafield tag="245" ind1=" " ind2="0">
    <subfield code="c">JACOPO OL&#x130;V&#x130;ER&#x130;</subfield>
    <subfield code="a">&#x15E;-4 NEWTON F&#x130;Z&#x130;K S&#x130;H&#x130;RBAZI</subfield>
  </datafield>
  <datafield tag="260" ind1=" " ind2=" ">
    <subfield code="b">DOM&#x130;NGO YAYINLARI</subfield>
  </datafield>
  <datafield tag="999" ind1=" " ind2=" ">
    <subfield code="c">1252417</subfield>
    <subfield code="d">1252417</subfield>
  </datafield>
  <datafield tag="952" ind1=" " ind2=" ">
    <subfield code="0">0</subfield>
    <subfield code="1">0</subfield>
    <subfield code="4">0</subfield>
    <subfield code="7">0</subfield>
    <subfield code="a">1104</subfield>
    <subfield code="b">1104</subfield>
    <subfield code="d">2025-10-30</subfield>
    <subfield code="l">0</subfield>
    <subfield code="o">&#x15E;-4 / GENEL-3</subfield>
    <subfield code="p">11048690003021861</subfield>
    <subfield code="r">2025-10-31 15:09:34</subfield>
    <subfield code="w">2025-10-31</subfield>
    <subfield code="y">BK</subfield>
  </datafield>
</record>
